000 01555nam a2200349 i 4500
001 162318
003 ES-MaACL
005 20251013215436.0
008 041110s1802 fr acf |||| | fre d
040 _aCAM
_bspa
_cCAM
100 0 _aPlutarco
_992678
245 1 4 _aLes vies des hommes illustres
_b: pour servir de Supplément aux Vies de Plutarque /
_c[trad. par Allegre et traduites de l'anglais de Thomas Rowe par l'Abbé Bellanger] ; avec des notes et des observations par MM. Brotier et Vauvilliers ; tome onzième.
250 _aNouvelle éd.
_brev., corr. et augm. par E. Clavier.
260 _aA Paris :
_bde l'imprimerie de Cussac...,
_cAn X [1802]
300 _a[4], 488 p., [2] h. de grab. :
_bil. ;
_c8º.
500 _aEs el T. XI de las Oeuvres de Plutarque.
594 _aDato de trad. consta al v. de antep.
595 _aDato de ed. precede a mención de parte.
596 _aMarca tip. en port.
597 _aSign.: []2, A-Z8, 2A-2G8, 2H4.
599 _aLas h. de grab. calc. alegóricas : "Borel del., Patas sculp.", "A. Borel inv. delineavit, P. Baquoy sculpsit"
599 _aLas il. xil. retratos.
700 1 _aRowe, Thomas.
_9132132
700 1 _aBellanger
_c, Abbé.
_9125895
700 1 _aAllegre, Antoine.
_9125613
700 1 _aBrotier, Gabriel,
_d1723-1789
_9149971
700 1 _aClavier, Etienne,
_d1762-1817
_9149972
700 1 _aVauvilliers, Jean François.
_9133574
740 0 1 _aOeuvres de Plutarque.
852 _aES-MaACL
_jG-9439
_z-- Enc. pasta española
999 _c162318
_d162318